Estatísticas para Joias do Infinito no MCU

Clique aqui para jogar o quiz

Estatísticas Gerais

  • Esse quiz foi jogado 2 153 vezes
  • A pontuação média é 5 de 6

Estatísticas das Respostas

CorNome% Correto
VerdeTempo
95%
RoxaPoder
84%
LaranjaAlma
83%
AmarelaMente
77%
VermelhaRealidade
77%
AzulEspaço
76%

Distribuição das Pontuações

Percentil de Números Respondidos

Porcentagem de Pessoas com Cada Pontuação

Sua Pontuação Histórica

Você não jogou esse quiz